=LDR 00000nam 2200000 4500 =001 INLIS000000000012988 =005 20130612104442 =008 ***********************************Ind** =035 ##$$0010-061300000012988 =041 ##$$a Ind =082 ##$$a 658.405 2 =090 ##$$a 658.405 2, Fle n =100 ##$$a Fleming, Peter Ronald =245 ##$$a Negosiasi yang sukses dalam sepekan, Peter Ronald Fleming =260 ##$$a 2002 $b Jakarta =300 ##$$a 105 hlm, ilus, 21 cm =650 ##$$a Negosiasi =850 ##$$a NBPNMAT